Los Resultados del ajuste en Centroamérica
Guardat en:
| Format: | Text |
|---|---|
| Matèries: | |
| Etiquetes: |
Afegir etiqueta
Sense etiquetes, Sigues el primer a etiquetar aquest registre!
|
MARC
| LEADER | 00000 a a2200000 04500 | ||
|---|---|---|---|
| 001 | 5829 | ||
| 003 | |||
| 040 | |||
| 245 | |a Los Resultados del ajuste en Centroamérica | ||
| 650 | |a AJUSTE ESTRUCTURAL | ||
| 650 | |a POLITICA DE AJUSTE | ||
| 650 | |a GASTOS PUBLICOS | ||
| 650 | |a POBREZA | ||
| 650 | |a MOVILIZACION SOCIAL | ||
| 650 | |a INDICADORES ECONOMICOS | ||
| 650 | |a POBREZA | ||
| 773 | |g volumen 14, número 601; páginas 8-9 | ||
| 999 | |c 27707 |d 27707 | ||
